1399 1335 1922 1227 1608 1401 1673 1059 1351 1732 1733 1039 1863 1139 1193 1464 1460 1362 1183 1212 1941 1551 1679 1566 1863 1261 1023 1003 1025 1200 1688 1811 1464 1531 1763 1439 1355 1317 1601 1064 1181 1058 1627 1092 1204 1872 1958 1039 1856 1069 1313 1321 1498 1703 1522 1563 1093 1909 1683 1372 1293 1779 1926 1673 1389 1400 1251 1370 1359 1849 1840 1585 1033 1653 1494 1604 1268 1038 1200 1976 1453 1291 1096 1453 1735 1337 1714 1507 1416 1463 1184 1698 1449 1646 1447 1239 1997 1604 1192 BCNSPRNW ULIB Ver.6.0+V

เปลี่ยนเป็นภาษาไทย

Change to English
 แสดงรายละเอียดบรรณานุกรม
  กลับหน้าหลัก

Brief Record : Get Marc (ISO 2709) : E-mail record : QR code < ปิดหน้าต่าง
LEADER : 00000nam 2200000uu 4500
001    13399121057
003     ULIB
008    121030s2552||||th 000 0 tha d
020    ^a9746111663
050  4 ^aHV859.T5^bส719ก ล.2
245 00 ^aการจัดการสถานเลี้ยงเด็กในชุมชน หน่วยที่ 8-15=^bManagement of child care centers /^cสาขาวิชาคหกรรมศาสตร์ มหาวิทยาลัยสุโขทัยธรรมาธิราช
246 31 ^aManagement of child care centers
250    ^aพิมพ์ครั้งที่ 13
260    ^aนนทบุรี :^bสำนักพิมพ์มหาวิทยาลัยสุโขทัยธรรมาธิราช,^c2552
300    ^a2 เล่ม :^bภาพประกอบ ;^c30 ซม.
500    ^a"เอกสารการสอนชุดวิชา 70423 หน่วยที่ 1-7, 8-15"- หน้าปกใน
650  4 ^aเด็ก^xการดูแลและสุขวิทยา
650  4 ^aสถานเลี้ยงเด็ก^xการจัดการ
710 2  ^aมหาวิทยาลัยสุโขทัยธรรมาธิราช. ^bสาขาวิชาคหกรรมศาสตร์
945    ^p0^l0^i16963
995    ^aทศพร
999    ^aทศพร เกษรทอง
รายการนี้ยังไม่มีแท็ก
คุณยังไม่ได้ล็อกอิน คุณสามารถมีกิจกรรมร่วมกับเว็บไซต์ได้ แต่ต้องล็อกอินก่อน ::
  ล็อกอิน

รายการสื่อสารสนเทศ

ลำดับที่ ประเภท เลขเรียก/บาร์โค้ด สถานที่ สถานะ
1. วิทยาศาสตร์การแพทย์ และสุขภาพ
วิทยาศาสตร์การแพทย์ และสุขภาพ
HV859.T5 ส719ก ล.2 ฉ.1 
  Barcode: 16963
ห้องสมุดวิทยาเขตสวรรค์ประชารักษ์
►หนังสือทั่วไป
บนชั้น

BibComment


ยังไม่เคยถูกคอมเมนท์

คอมเมนท์ทรัพยากรรายการนี้
  คอมเมนท์: การจัดการสถานเลี..


 Copyright 2026. Bcnsprnw @Library